Najdłuższe nazwy państw - Statystyki

Ogólne statystyki
  • Ten quiz został rozwiązany 3 320 razy
  • Średni wynik to 6 z 10
Statystyki odpowiedzi
Kontynent Państwo % Poprawnych
Afryka Demokratyczna Republika Konga
85%
Afryka Republika Południowej Afryki
82%
Afryka Republika Środkowoafrykańska
65%
Europa Bośnia i Hercegowina
59%
Azja Zjednoczone Emiraty Arabskie
56%
Europa Macedonia Północna
49%
Afryka Republika Zielonego Przylądka
48%
Afryka Wybrzeże Kości Słoniowej
47%
Afryka Wyspy Świętego Tomasza i Książęca
36%
Ameryka Północna Saint Vincent i Grenadyny
28%
Nie znaleziono quizów pasujących do podanych kryteriów
Rozkład punktacji
Procent ludzi z każdym wynikiem
Percentyl według liczby udzielonych odpowiedzi
Twoja historia wyników
Nie rozwiązałeś tego quizu